000 00212nam a22000857a 4500
001 1258292
005 20260305123642.0
245 _aOSMANLI TARİHİ -İĞNELİ TAHTIN SULTANLARI-
_cMEHMET IŞIK
260 _bYEDİVEREN
999 _c1258292
_d1258292